Statistics for Closest NASCAR Finishes

Click here to take the quiz!

General Stats

  • This quiz has been taken 467 times
    (463 since last reset)
  • The average score is 16 of 26

Answer Stats

TrackRace DateMargin of Victory (Seconds)Winner% Correct
DaytonaFebruary 18, 20070.020Kevin Harvick
91%
TalladegaApril 25, 20100.011Kevin Harvick
91%
AtlantaMarch 11, 20010.006Kevin Harvick
91%
PhoenixMarch 13, 20160.010Kevin Harvick
91%
Las VegasMarch 12, 20060.045Jimmie Johnson
90%
CharlotteMay 29, 20050.025Jimmie Johnson
90%
TalladegaApril 17, 20110.002Jimmie Johnson
90%
TalladegaJuly 25, 19930.005Dale Earnhardt
85%
AtlantaMarch 12, 20000.010Dale Earnhardt
85%
DarlingtonMarch 16, 20030.002Ricky Craven
84%
DaytonaFebruary 21, 20160.011Denny Hamlin
78%
BristolMarch 25, 20070.064Kyle Busch
78%
RockinghamFebruary 22, 20040.010Matt Kenseth
66%
TalladegaOctober 5, 20080.052Tony Stewart
61%
AtlantaMarch 20, 20050.028Carl Edwards
60%
DaytonaJuly 2, 20070.005Jamie McMurray
51%
Homestead-MiamiNovember 20, 20050.017Greg Biffle
50%
DaytonaJuly 2, 20110.059David Ragan
44%
RichmondSeptember 12, 19980.051Jeff Burton
39%
TalladegaJuly 24, 19940.025Jimmy Spencer
36%
DaytonaJuly 2, 19940.008Jimmy Spencer
36%
TalladegaApril 21, 20020.060Dale Earnhardt Jr.
30%
TexasApril 5, 20040.028Elliott Sadler
30%
TalladegaJuly 23, 19950.050Sterling Marlin
27%
TalladegaOctober 23, 20110.018Clint Bowyer
19%
DaytonaJuly 5, 19970.029John Andretti
16%

Score Distribution

Percentile by Number Answered

Percent of People with Each Score

Your Score History

You have not taken this quiz since the last reset